[Event "GBR-ch Major op 109th"]
[Site "Leicester"]
[Date "2023.07.24"]
[Round "3"]
[White "Dilley, Jason M"]
[Black "Dicen, Elis Denele"]
[Result "1-0"]
[WhiteElo "2034"]
[BlackElo "1925"]
[PlyCount "105"]
[EventDate "2023.07.22"]
[EventType "swiss"]
[EventRounds "9"]
[EventCountry "ENG"]
[SourceTitle "EXT 2024"]
[Source "ChessBase"]
[SourceDate "2023.10.10"]
[SourceVersion "1"]
[SourceVersionDate "2023.10.10"]
[SourceQuality "1"]

1. d4 d5 2. c4 e6 3. Nc3 Nf6 4. Bg5 a6 5. cxd5 exd5 6. Bxf6 gxf6 7. e3 c6 8. Bd3 Bd6 9. Qc2 h5 10. h4 Be6 11. Nge2 Nd7 12. Bf5 Qe7 13. 0-0-0 0-0-0 14. Kb1 Kb8 15. Rhe1 Nb6 16. Ka1 Nc4 17. Bd3 Nb6 18. Rc1 Rc8 19. Na4 Nxa4 20. Qxa4 c5 21. dxc5 Bxc5 22. Rc2 Bb6 23. Rec1 Rxc2 24. Rxc2 Rd8 25. Qf4+ Ka8 26. Nd4 Qb4 27. a3 Qe7 28. Be2 Rg8 29. Bxh5 Rxg2 30. Bf3 Rg8 31. h5 Bc5 32. Ka2 Bd6 33. Qh4 Rh8 34. Qh1 f5 35. Bxd5 Be5 36. Nxe6 fxe6 37. Bf3 Bf6 38. Qf1 Kb8 39. Qc4 Be5 40. e4 f4 41. Bg4 Re8 42. f3 Qf6 43. Rd2 Qe7 44. Qa4 Bc7 45. Rd7 Qf8 46. Qc4 Be5 47. Bxe6 Qf6 48. Bd5 Re7 49. Rd8+ Ka7 50. Qc5+ Qb6 51. Ra8+ Kxa8 52. Qxb6 Re8 53. Qxb7# 1-0

[Event "Daventry 4NCL Easter op-A 3rd"]
[Site "Daventry"]
[Date "2023.04.07"]
[Round "1"]
[White "Dilley, Jason M"]
[Black "Madhavan, Sanjith1111"]
[Result "1-0"]
[WhiteElo "2090"]
[BlackElo "1961"]
[PlyCount "119"]
[EventDate "2023.04.07"]
[EventType "swiss"]
[EventRounds "7"]
[EventCountry "ENG"]
[SourceTitle "CBM 213 Extra"]
[Source "ChessBase"]
[SourceDate "2023.05.31"]
[SourceVersion "1"]
[SourceVersionDate "2023.05.31"]
[SourceQuality "1"]

1. d4 Nf6 2. Bg5 e6 3. Nf3 h6 4. Bxf6 Qxf6 5. e4 d5 6. Nbd2 g6 7. Bd3 Bg7 8. 0-0 0-0 9. c3 Nd7 10. e5 Qe7 11. b4 c6 12. h4 f5 13. exf6 Qxf6 14. Qc2 e5 15. dxe5 Nxe5 16. Nxe5 Qxe5 17. Rac1 g5 18. Nf3 Qf4 19. hxg5 hxg5 20. Qd2 Qxd2 21. Nxd2 g4 22. Rfe1 Bf5 23. Bxf5 Rxf5 24. Re7 Raf8 25. f3 Bh6 26. Rd1 g3 27. Nf1 Bf4 28. Rde1 R5f7 29. R7e6 Rf6 30. Re7 R8f7 31. Re8+ Kg7 32. Ne3 Rf8 33. Re7+ R6f7 34. Re6 Bc7 35. Kf1 Rh8 36. Ng4 Rh1+ 37. Ke2 Rxe1+ 38. Kxe1 Kf8 39. Kd2 Bb6 40. Rf6 Rxf6 41. Nxf6 Ke7 42. Nh5 Bc7 43. f4 Ke6 44. Ke3 a5 45. a3 axb4 46. axb4 Bd6 47. Nxg3 c5 48. b5 d4+ 49. cxd4 cxd4+ 50. Ke4 d3 51. Nf1 Bb4 52. Kxd3 Kd5 53. Ne3+ Kc5 54. Nc2 Kxb5 55. Nxb4 Kxb4 56. f5 Kc5 57. g4 Kd5 58. f6 Ke6 59. g5 Kf7 60. Kc4 1-0

[Event "English Online Blitz Gp2"]
[Site "Chess.com INT"]
[Date "2020.05.09"]
[Round "2"]
[White "Dilley, Jason M"]
[Black "Pert, Richard G"]
[Result "0-1"]
[WhiteElo "2136"]
[BlackElo "2416"]
[PlyCount "98"]
[EventDate "2020.05.09"]
[EventType "swiss (blitz)"]
[EventRounds "11"]
[EventCountry "ENG"]
[SourceTitle "CBM 196 Extra"]
[Source "ChessBase"]
[SourceDate "2020.07.31"]
[SourceVersion "1"]
[SourceVersionDate "2020.07.31"]
[SourceQuality "1"]

1. d4 d5 2. Bg5 f6 3. Bh4 Nh6 4. f3 c5 5. e3 Nc6 6. c3 e5 7. Bb5 Qb6 8. Bxc6+ bxc6 9. Qb3 c4 10. Qxb6 axb6 11. Nd2 b5 12. Ne2 b4 13. 0-0 Nf5 14. Bf2 exd4 15. exd4 Bd6 16. Rfe1 0-0 17. Ng3 bxc3 18. bxc3 Bf4 19. Ndf1 Kf7 20. Nxf5 Bxf5 21. Ne3 Bd3 22. g3 Bd6 23. Nd1 Ra7 24. Nb2 Bg6 25. Re2 Ba3 26. Nd1 Rb8 27. Rd2 Bd3 28. Be3 Rbb7 29. Kf2 Ra5 30. Ke1 Rab5 31. Nf2 Bb2 32. Rad1 Bxc3 33. Nxd3 cxd3 34. Kf2 Bxd2 35. Bxd2 Rb2 36. Ke3 Rxa2 37. Kxd3 Rb3+ 38. Ke2 Rbb2 39. Ke1 Rc2 40. h4 h5 41. g4 g6 42. gxh5 gxh5 43. Ke2 Ke6 44. Kd3 Rcb2 45. Re1+ Kf5 46. Rd1 Rb3+ 47. Ke2 Ra4 48. Bh6 Rb2+ 49. Bd2 Rxd4 0-1

[Event "BCF-chT3 0708 (4NCL)"]
[Site "Sunningdale"]
[Date "2008.03.01"]
[Round "7.3"]
[White "Ociepka, Adrian"]
[Black "Dilley, Jason M"]
[Result "1/2-1/2"]
[WhiteElo "2095"]
[BlackElo "2195"]
[PlyCount "46"]
[EventDate "2007.09.15"]
[EventType "team-tourn"]
[EventRounds "11"]
[EventCountry "ENG"]
[SourceTitle "EXT 2023"]
[Source "ChessBase"]
[SourceDate "2022.10.05"]
[SourceVersion "1"]
[SourceVersionDate "2022.10.05"]
[SourceQuality "1"]
[WhiteTeam "NW Eagles"]
[BlackTeam "Pandoras Box"]
[WhiteTeamCountry "ENG"]
[BlackTeamCountry "ENG"]

1. e4 d6 2. d4 g6 3. Nc3 Bg7 4. Be3 Nf6 5. f3 c6 6. Qd2 b5 7. 0-0-0 b4 8. Nce2 a5 9. Kb1 Na6 10. g4 Qb6 11. Nc1 Nc7 12. Nge2 Nb5 13. Ka1 Ba6 14. h4 h5 15. g5 Nd7 16. Bh3 Qc7 17. f4 Nb6 18. Bf2 Nc4 19. Qe1 c5 20. f5 cxd4 21. Nxd4 Nxd4 22. Bxd4 Bxd4 23. Rxd4 Ne5 1/2-1/2